Základným predpokladom je konkurencieschopnosť
Analýza stavu a zámerov slovenského chemického a farmaceutického priemyslu. Výsledky tohto odvetvia za r. 1996 a možnosti a perspektívy jeho ďalšieho rozvoja do r. 2005. Vysoká dovozná náročnosť. Rafinérske spracovanie ropy. Nárast investičných dovozov. Výroba chemikálií, chemických výrobkov a vláke...
Salvato in:
| Autore principale: | |
|---|---|
| Altri autori: | |
| Natura: | Capitolo di libro |
| Lingua: | slovacco |
| Soggetti: | |
| Tags: |
Nessun Tag, puoi essere il primo ad aggiungerne!!
|
MARC
| LEADER | 00000naa a2200000 4500 | ||
|---|---|---|---|
| 001 | r027313 | ||
| 005 | 20230824090144.2 | ||
| 041 | 0 | |a slo | |
| 044 | |a SK | ||
| 245 | 1 | 0 | |a Základným predpokladom je konkurencieschopnosť |c J. Novotný, R. Matejovič |
| 520 | |a Analýza stavu a zámerov slovenského chemického a farmaceutického priemyslu. Výsledky tohto odvetvia za r. 1996 a možnosti a perspektívy jeho ďalšieho rozvoja do r. 2005. Vysoká dovozná náročnosť. Rafinérske spracovanie ropy. Nárast investičných dovozov. Výroba chemikálií, chemických výrobkov a vláken. Výroba výrobkov z gumy a plastov. | ||
| 610 | 2 | 0 | |a Slovensko |
| 610 | 2 | 0 | |a 1995 |
| 610 | 2 | 0 | |a 1996 |
| 610 | 2 | 0 | |a 2000 |
| 610 | 2 | 0 | |a 2005 |
| 610 | 2 | 0 | |a priemysel chemický |
| 610 | 2 | 0 | |a priemysel farmaceutický |
| 610 | 2 | 0 | |a dovoz |
| 610 | 2 | 0 | |a ropa |
| 610 | 2 | 0 | |a výroba chemická |
| 100 | 1 | |a Novotný, J. | |
| 700 | 1 | |a Matejovič, R. | |